| 000 | 01289nam0a22003131 4500 | ||
|---|---|---|---|
| 001 | rc\4681802 | ||
| 005 | 20130416205449.6 | ||
| 021 |
_aRU _b[68-93710] |
||
| 035 | _a(NLR Aleph) 008708310 | ||
| 090 |
_a9342124 _c9342124 |
||
| 100 | _a20130416d1968 |||y0rusy50 ca | ||
| 101 | 0 | _arus | |
| 102 | _aRU | ||
| 105 | _ay z ||||| | ||
| 200 | 1 |
_aОсновные направления научной организации труда в предприятиях связи _fМ-во связи СССР. Центр. науч.-исслед. ин-т связи |
|
| 210 |
_aМосква _cСвязь _d1968 |
||
| 215 |
_a96 с. _d21 |
||
| 300 | _aНа 3-й с.: приняли участие К.С. Спасская, А.У. Троянкер, Г.А. Максимова и др. | ||
| 320 | _aБиблиогр.: с. 71 (19 назв.) | ||
| 606 |
_aСвязь, предприятия _xОрганизация труда _2psbo |
||
| 702 | 1 |
_aТроянкер _bА. У. _4570 |
|
| 702 | 1 |
_aМаксимова _bГ. А. _4570 |
|
| 702 | 1 |
_aСпасская _bК. С. _gКсения Сергеевна _4570 |
|
| 712 | 0 | 2 |
_aЦНИИ связи _cМосква _3RU\NLR\AUTH\8810009604 |
| 801 | 0 |
_aRU _bNLR _gpsbo |
|
| 801 | 1 |
_aRU _bELAR _2rusmarc |
|
| 852 |
_aNLR _j68-6/13073 |
||
| 942 | _cBOOK | ||
| 980 | _aNB | ||